Về nguồn bản sắc dân tộc

Guardado en:
Detalles Bibliográficos
Autor principal: Đông Phong
Formato: Libro
Lenguaje:Undetermined
Publicado: Tp. HCM Nxb. Tp. HCM 2001
Materias:
Etiquetas: Agregar Etiqueta
Sin Etiquetas, Sea el primero en etiquetar este registro!
Thư viện lưu trữ: Trung tâm Học liệu Trường Đại học Cần Thơ
LEADER 00542nam a2200193Ia 4500
001 CTU_42917
008 210402s9999 xx 000 0 und d
020 |b 20.000đ 
082 |a 305.89597 
082 |b Đ455 
100 |a Đông Phong 
245 0 |a Về nguồn bản sắc dân tộc 
245 0 |c Đông Phong 
260 |a Tp. HCM 
260 |b Nxb. Tp. HCM 
260 |c 2001 
650 |a vietnam - civilization 
904 |i Nguyễn Quang Điền, 010813 
980 |a Trung tâm Học liệu Trường Đại học Cần Thơ